LEADER 01097nam a2200265 i 4500 001 000000137674 003 CaOOAMICUS 005 20050420000000.0 008 050420s1981 it u000 u ita u 013 $a111532 040 $aSeMil$bita 100 1 $aMontale, Eugenio,$d<1896-1981>.$0(OLS)http://semarc/name/7222 245 10$aLettere a Salvatore Quasimodo /$cEugenio Montale ; a cura di Sebastiano Grasso ; premessa di Maria Corti. 260 $aMilano :$bBompiani,$ccopyr. 1981. 300 $aXXIII, 214 p. ;$c22 cm. 490 0 $aNuova corona ;$v13 500 $aContiene : Appendici. 700 1 $aCorti, Maria.$0(OLS)http://semarc/name/4140 700 1 $aGrasso, Sebastiano,$d<1947- >.$0(OLS)http://semarc/name/55839 830 0$aNuova corona ;$v13.$0(OLS)http://semarc/title/11856 850 $aSeMil 852 $aSeMil$W1$xVenegono$y1$m1B V 57$j91208$B91208$CSeMilBibl$Z2$F96133 $81 961 $aLascito: Bricchi don Pasquale 996 $6245$aLettere a Salvatore Quasimodo$9(OLS)http://semarc/title/201189 996 $6260$aMilano :$bBompiani$9(OLS)http://semarc/publisher/29706 LEADER 01170nam a2200277 i 4500 001 000000191031 003 CaOOAMICUS 005 20191029123930.0 008 100713s1984 be u000 u fre u 013 $a169513 040 $aSeMil$bita 100 1 $aPastoureau, Michel.$0(OLS)http://semarc/name/69812 245 10$aJetons, méreaux et médailles /$cPar Michel Pastoureau. 260 $aTurnhout :$bBrepols,$c1984. 300 $a46 p. ;$c24 cm. 490 0 $aTypologie des sources du Moyen Age occidental ;$vFasc.42 650 4$aStoria medievale - Fonti.$0(OLS)http://semarc/subject/6624 650 4$aMedaglie - Storia - Medioevo.$0(OLS)http://semarc/subject/35994 650 4$aGettoni - Storia - Medioevo.$0(OLS)http://semarc/subject/35995 830 0$aTypologie des sources du Moyen Age occidental ;$v42.$0(OLS)http://semarc/title/122 850 $aSeMil 852 $aSeMil$W1$xVenegono$y1$m2U II 142$j141645$B141645$CSeMilBibl$Z2$F153196 $81 961 $aOmaggio: Altro 996 $6245$aJetons, méreaux et médailles$9(OLS)http://semarc/title/275280 996 $6260$aTurnhout :$bBrepols$9(OLS)http://semarc/publisher/29626 LEADER 00980nam a2200265 i 4500 001 000000055071 003 CaOOAMICUS 005 20140516000000.0 008 140516s1996 it u000 u ita u 013 $a26243 020 $a88-8065-109-9 040 $aSeMil$bita 100 1 $aCullmann, Oscar,$d<1902-1999>.$0(OLS)http://semarc/name/13511 245 10$aDio e Cesare /$cOscar Cullmann. 260 $aRoma :$bAVE,$ccopyr. 1996. 300 $a126 p. ;$c17 cm. 490 0 $aLe tessere e il mosaico ;$v2 650 4$aChiesa e Stato.$0(OLS)http://semarc/subject/1242 830 3$aLe tessere e il mosaico ;$v2.$0(OLS)http://semarc/title/22732 850 $aSeMil 852 $aSeMil$W1$xVenegono$y1$m2Z I 299$j21225$B21225$CSeMilBibl$Z2$F21227 $81 961 $aOmaggio: Donazione 996 $6020$a88-8065-109-9$9(OLS)http://semarc/number/30078 996 $6245$aDio e Cesare$9(OLS)http://semarc/title/85369 996 $6260$aRoma :$bAVE$9(OLS)http://semarc/publisher/30251 LEADER 01189nam a2200277 i 4500 001 000000075988 003 CaOOAMICUS 005 20001107000000.0 008 001107s1992 it u000 u ita u 013 $a47160 020 $a88-17-84212-5 040 $aSeMil$bita 100 1 $aColes, Robert.$0(OLS)http://semarc/name/37497 240 14$aThe spiritual life of children.$0(OLS)http://semarc/title/123179 245 13$aLa vita spirituale dei bambini /$cRobert Coles ; traduzione di Paola Frezza. 260 $aMilano :$bRizzoli,$c1992. 300 $a371 p., [8] p. di tav. :$bill. ;$c23 cm. 500 $aComplemento del tit. in copertina : Il senso religioso nell'esperienza infantile. 650 4$aFanciulli - Spiritualità.$0(OLS)http://semarc/subject/15525 700 1 $aFrezza, Paola.$0(OLS)http://semarc/name/37498 850 $aSeMil 852 $aSeMil$W1$xVenegono$y1$m2Q III 291$j42140$B42140$CSeMilBibl$Z2$F42144 $81 961 $aOmaggio: Donazione 996 $6020$a88-17-84212-5$9(OLS)http://semarc/number/56712 996 $6245$aLa vita spirituale dei bambini$9(OLS)http://semarc/title/123178 996 $6260$aMilano :$bRizzoli$9(OLS)http://semarc/publisher/29824 LEADER 01110nam a2200217 i 4500 001 000000079645 003 CaOOAMICUS 005 20170411000000.0 008 170411s1829 it u000 u ita u 013 $a51882 026 $a.°3. u-iu o.al poTo (7) 1829 (A) 040 $aSeMil$bita 245 10$aRisposta a sir Walter Scott sopra la sua storia di Napoleone di Luigi Bonaparte conte di S. Leu, antico re di Olanda fratello dell'imperatore .. 260 $aLugano :$bCoi Tipi di Francesco Veladini e Comp.,$c1829. 300 $a148 p. ;$c12°. 700 1 $aLodewijk Napoleon .$0(OLS)http://semarc/name/91254 700 1 $aVeladini, Francesco e C.,$c.$0(OLS)http://semarc/name/12865 850 $aSeMil 852 $aSeMil$W1$xVenegono$y1$m3T I 86 FA$j45304$B45304$CSeMilBibl$Z2$F47241 $8I 996 $6245$aRisposta a sir Walter Scott sopra la sua storia di Napoleone di Luigi Bonaparte conte di S. Leu, antico re di Olanda fratello dell'imperatore ..$9(OLS)http://semarc/title/403530 996 $6260$aLugano :$bCoi Tipi di Francesco Veladini e Comp.$9(OLS)http://semarc/publisher/56455 LEADER 02192nam a2200361 i 4500 001 000000090092 003 CaOOAMICUS 005 20150924000000.0 008 150924s2000 be u000 u mul u 013 $a62334 020 $a2-503-04541-3 040 $aSeMil$bita 245 10$aSermones in dormitionem Mariae :$bSermones Patrum Graecorum praesertim in Dormitionem Assumptionemque Beatae Mariae Virginis in latinum translati, ex Codice Augiensi 80. (saec. 9.) /$ccura et studio A.P. Orbán. 260 $aTurnhout :$bBrepols,$c2000. 300 $aXXII, 270 p. ;$c26 cm. 490 0 $aCorpus Christianorum. Continuatio Mediaevalis ;$v154. 650 4$aSermoni latini - Ante 1800.$0(OLS)http://semarc/subject/3299 650 4$aMadonna - Assunzione - Sermoni.$0(OLS)http://semarc/subject/16511 650 4$aSermoni greci - Ante 1800.$0(OLS)http://semarc/subject/16512 700 1 $aOrbán, Arpád Peter,$d<1944- >.$0(OLS)http://semarc/name/3615 774 0 $aAndreas : Cretensis $tSermones in natalicium et dormitionem Sanctae Mariae Virginis.$w()305112 774 0 $aAmphilochius : Iconiensis $tSermo de virginitate Sanctae Mariae.$w()305113 774 0 $aCosmas : Vestitor$tSermones in dormitionem Sanctae Mariae.$w()305114 774 0 $aGermanus $tSermo in dormitionem Sanctae Mariae.$w()305115 774 0 $aIoannes : Damascenus $tSermones in dormitionem Mariae.$w()305116 774 0 $aAretinus : Johannes$tAssumptione Beatae Mariae.$w()305117 830 0$aCorpus Christianorum. Continuatio Mediaevalis ;$v154.$0(OLS)http://semarc/title/35 850 $aSeMil 852 $aSeMil$W1$xVenegono$y1$mSL2.F CC.CM 154$j269825$B53102$CSeMilBibl$Z2$F57693 $8I 961 $aSottoscrizione: Brepols 996 $6020$a2-503-04541-3$9(OLS)http://semarc/number/70057 996 $6245$aSermones in dormitionem Mariae :$bSermones Patrum Graecorum praesertim in Dormitionem Assumptionemque Beatae Mariae Virginis in latinum translati, ex Codice Augiensi 80. (saec. 9.)$9(OLS)http://semarc/title/136026 996 $6260$aTurnhout :$bBrepols$9(OLS)http://semarc/publisher/29626